Science Quiz

Random Science or Astronomy Quiz
Score 0/10 Timer 05:00
16 Plays Today
Hint Answer % Correct
Nickname
A) The Blue Planet B) The Green Planet C) The Yellow Planet D) The Red Planet
???
92.8%
Type of Planet
A) Asteroidical B) Terrestrial C) Gaseous D) Lunar
???
91.6%
Number from the Sun
A) 10th B) 3rd C) 4th D) 1st
???
90.3%
Demonym
A) Martian B) Earther C) Earthling D) Earthian
???
87.9%
Number of naturally orbiting satellites
A) 0 B) 1 C) 2 D) 9
???
85.4%
Mass ratio compared to Earth
A) 1 B) 2 C) 5 D) 0.5
???
83.7%
Age
A) 5 seconds B) 2.1 Billion Years C) 4.6 Billion Years D) 100 Billion Years
???
81.1%
Most abundant gas in the atmosphere
A) Hydrogen B) Oxygen C) Carbon D) Nitrogen
???
70.1%
Greek Name
A) Terra B) Goia C) Luna D) Gaia
???
53.1%
Largest crater
A) Vredefort B) Yarrabubba C) Logancha D) Rochechouart
???
37.5%
Remove Ads.
Support Sporcle.
Get the best of Sporcle when you Go Orange. This ad-free experience offers more features, more stats, and more fun while also helping to support Sporcle. Thank you for becoming a member.

You're not logged in!

Compare scores with friends on all Sporcle quizzes.
OR
Log In

Show Comments

Extras

Top Quizzes Today


Score Distribution

Your Account Isn't Verified!

In order to create a playlist on Sporcle, you need to verify the email address you used during registration. Go to your Sporcle Settings to finish the process.

Report this User

Report this user for behavior that violates our Community Guidelines.

Details: